Continents par images satellites - Statistiques

Statistiques générales
  • Ce quiz a été pris 95 fois
  • Le résultat moyen est 6 sur 6
Statistiques - réponses
Par images Réponse % Correct
Afrique
100%
Amérique du sud
100%
Europe
100%
Amérique du nord
99%
Asie
98%
Océanie
96%
Aucun quiz correspondant
Distribution des résultats
% des personnes avec chaque résultat
Percentile par nombre de réponses
Votre historique - résultats
Vous n’avez pas pris ce quiz